Bibliographic Details
Personálne heslo: SZIGETI, Mikuláš, 1941
Format:Regionálne osobnosti
Bližší popis: Narodený 05.07.1941 Abaújszántó. Sochár, reštaurátor
Source: 1. Szaszák, György 1. Košickí výtvarníci 1. Bratislava: AB-ART, 2000. - S. 40-45
LEADER 00689nz a2200325n 4500
001 000057789
003 SVKKK
005 00000000000000.0
008 06 |n|annnnaabn | a|c
FMT
040 |a SVKKK  |b slo  |e AACR2 
080 |a 73 
100 1 |a SZIGETI, Mikuláš,  |d 1941 
670 |a Košickí výtvarníci 
678 0 |a Narodený 05.07.1941 Abaújszántó. Sochár, reštaurátor 
909 |a SK 
971
972
973
975
981
981
993
993
994
994
994
995 |a Szaszák, György  |c Košickí výtvarníci  |d Bratislava: AB-ART, 2000. - S. 40-45 
BAS
998 |a REOS